Statistics for Car Manufactures

Click here to take the quiz!

General Stats

  • This quiz has been taken 1,301 times
  • The average score is 11 of 15

Answer Stats

HintAnswer% Correct
CivicHonda
96%
CooperMini
92%
MondeoFord
91%
ImprezaSubaru
85%
SupraToyota
83%
DB9Aston Martin
80%
Continental GTBentley
75%
LeonSeat
73%
C3Citroen
71%
FabiaSkoda
69%
VectraVauxhall
69%
LS400Lexus
66%
C-ClassMercedes Benz
65%
106Peugeot
63%
C90Volvo
56%

Score Distribution

Percentile by Number Answered

Percent of People with Each Score

Your Score History

You have not taken this quiz